Economics

Saved in:
Bibliographic Details
Main Author: Lipsey, Richard G.
Other Authors: Chrystal, K. Alec
Format: Book
Language:English
Published: New York Oxford University Press 2004
Edition:10. ed.
Series:web site companion
Subjects:
Tags: Add Tag
No Tags, Be the first to tag this record!

MARC

LEADER 00000nam$a2200000$$$4500
001 0002630
005 20240306135159.6
020 |a 0-19-925784-1 
041 0 |a eng 
044 |a US 
245 1 0 |a Economics  |c Lipsey & Chrystal 
250 |a 10. ed. 
264 1 |a New York  |b Oxford University Press  |c 2004 
300 |a 699 s. 
490 1 |a web site companion 
830 0 |a web site companion 
610 2 0 |a ekonómia 
610 2 0 |a mikroekonomika 
610 2 0 |a makroekonomika 
610 2 0 |a hospodárstvo trhové 
610 2 0 |a spotrebitelia 
610 2 0 |a výrobcovia 
610 2 0 |a rast hospodársky 
610 2 0 |a cykly hospodárske 
610 2 0 |a politika peňažná 
610 2 0 |a inflácia 
610 2 0 |a nezamestnanosť 
610 2 0 |a obchod medzinárodný 
610 2 0 |a krajiny rozvojové 
610 2 0 |a transformácia 
100 1 |a Lipsey, Richard G. 
700 1 |a Chrystal, K. Alec